Statistics for FIFA Club World Cup Top 4 Positions

Click here to take the quiz!

General Stats

  • This quiz has been taken 311 times
    (208 since last reset)
  • The average score is 20 of 49

Answer Stats

1st (Champions)% Correct
Barcelona
97%
Real Madrid
97%
Bayern München
94%
Liverpool
93%
Manchester United
92%
Chelsea
88%
Internazionale Milano
88%
AC Milan
86%
Boca Juniors
73%
River Plate
70%
Santos
65%
Flamengo
61%
Corinthians
60%
Al Ahly (Cairo)
55%
Palmeiras
55%
Sao Paulo
55%
Tigres UANL
45%
CF America
43%
Internacional
42%
Gremio
41%
Raja Casablanca
37%
TP Mazembe
37%
Atletico Nacional
36%
Kashima Antlers
34%
Atletico Mineiro
33%
San Lorenzo
33%
CF Monterrey
32%
Al Hilal (Riyadh)
31%
Estudiantes
30%
LDU de Quito
29%
Vasco da Gama
29%
Al Ain
26%
Guangzhou Evergrande
23%
Cruz Azul
22%
Gamba Osaka
20%
Auckland City
19%
Al-Ittihad (Jeddah)
17%
CF Pachuca
17%
Deportivo Saprissa
15%
Kashiwa Reysol
14%
Necaxa
14%
Urawa Red Diamonds
14%
Al Jazira (Abu Dhabi)
12%
Al Sadd
12%
Etoile Sportive du Sahel
11%
Pohang Steelers
10%
Sanfrecce Hiroshima
10%
Atlante FC
8%
Seongnam
4%

Score Distribution

Percentile by Number Answered

Percent of People with Each Score

Your Score History

You have not taken this quiz since the last reset